000 00460nam a2200181Ia 4500
008 230524s9999 xx 000 0 und d
020 _a9780195687118
082 _a658.45
_bTEN
100 _aSuresh D. Tendulkar
245 0 _aUnderstanding Reforms: Post 1991 India
250 _aIST
260 _aNEW YORK
_bOxford
_c2007
300 _aVII;206
500 _aQuantity Number: 2
650 _aMiscellaneous
_91877
700 _a T.A.Bhavani
942 _cBK
999 _c49253
_d49253